Steel heat treatment: Equipment and process design / (Record no. 594989)

000 -LEADER
fixed length control field 00380nam a22001457a 4500
020 ## - INTERNATIONAL STANDARD BOOK NUMBER
International Standard Book Number 978-0-8493-8454-7
040 ## - CATALOGING SOURCE
Transcribing agency SCME
082 ## - DEWEY DECIMAL CLASSIFICATION NUMBER
Classification number 672.36 T718S
100 ## - MAIN ENTRY--PERSONAL NAME
Personal name George Totten
9 (RLIN) 9392
245 ## - TITLE STATEMENT
Title Steel heat treatment: Equipment and process design /
Statement of responsibility, etc. George E. Totten
250 ## - EDITION STATEMENT
Edition statement 2nd edition
260 ## - PUBLICATION, DISTRIBUTION, ETC.
Place of publication, distribution, etc. CRC Press
Name of publisher, distributor, etc. NewYork
Date of publication, distribution, etc. 2007
300 ## - PHYSICAL DESCRIPTION
Extent 693p.
942 ## - ADDED ENTRY ELEMENTS (KOHA)
Source of classification or shelving scheme
Koha item type Book
Holdings
Withdrawn status Lost status Source of classification or shelving scheme Damaged status Not for loan Permanent Location Current Location Shelving location Date acquired Full call number Barcode Date last seen Price effective from Koha item type Total Checkouts
          School of Chemical & Materials Engineering (SCME) School of Chemical & Materials Engineering (SCME) Book Cart 06/23/2023 672.36 T718s SCME-4849 06/23/2023 06/23/2023 Book  
          School of Chemical & Materials Engineering (SCME) School of Chemical & Materials Engineering (SCME) Book Cart 06/23/2023 672.36 T718s SCME-4848 06/23/2023 06/23/2023 Book  
© 2023 Central Library, National University of Sciences and Technology. All Rights Reserved.